Hviezdou Ikariády 2006 bola opäť Táňa Keleová-Vasilková ...

Bibliographic Details
Format: Article
Language:Slovak
PhysicalDescription:Fotogr.
ISSN:1210-1982
Subjects:

MARC

LEADER 00000nab a2200000 ar4500
001 vtls008936008
003 SK-MaSNL
005 20260426063403.0
008 070117c2006 xo mr|p|||||||000 b|slo
015 |a SNBRB2007/01  |2 snkbucl 
038 |a SNKBUCL 
040 |a SNKBUCL  |b slo  |c SNKBUCL  |e AACR2 
041 0 |a slo 
044 |a xo  |c SK 
080 |a 655.413  |x (437.6)  |2 1997 
245 0 0 |a Hviezdou Ikariády 2006 bola opäť Táňa Keleová-Vasilková ... 
300 |b Fotogr. 
610 2 7 |a Ikar (vydavateľstvo)  |2 snkbucl  |9 85096 
611 2 7 |a Ikariáda  |d (2006 :  |c Bratislava, Slovensko)  |2 snkbucl  |9 1285953 
651 7 |a Bratislava (Slovensko)  |2 snkbucl  |9 14568 
773 0 |t Knižná revue  |g Roč. XVI., č. 26 (2006), s. 2  |x 1210-1982 
852 |a SNK  |b KIS3GCP 
958 |a KL 
958 |a SK 
999 |c 2555529  |d 2557459